000 00469nam a2200145 i 4500
001 43091
003 ES-MaACL
005 20230906160730.0
007 t|
008 030314s1868 sp ||||1| spa d
245 0 0 _aCenso de la ganadería de España según el recuento verificado en 24 de setiembre de 1865 por la Junta General de Estadística.
260 _aMadrid :
_b[s.n.,
_c1868] (
_fImp. de Julian Peña)
300 _a1 v. ;
_c27 cm.
852 _aES-MaACL
_jC-12747
999 _c43091
_d43091